Giáo trình hướng dẫn dạy học các khoá trình lịch sử ở trường trung học cơ sở Sách dùng cho Cao đẳng sư phạm
Spremljeno u:
| Glavni autor: | |
|---|---|
| Daljnji autori: | |
| Format: | Knjiga |
| Jezik: | Undetermined |
| Izdano: |
H.
ĐHSP
2007
|
| Teme: | |
| Online pristup: | http://lrc.tdmu.edu.vn/opac/search/detail.asp?aID=2&ID=5689 |
| Oznake: |
Dodaj oznaku
Bez oznaka, Budi prvi tko označuje ovaj zapis!
|
| Thư viện lưu trữ: | Trung tâm Học liệu Trường Đại học Thủ Dầu Một |
|---|
| LEADER | 00807nam a2200217Ia 4500 | ||
|---|---|---|---|
| 001 | TDMU_5689 | ||
| 008 | 210410s9999 xx 000 0 und d | ||
| 082 | |a 900.71 | ||
| 090 | |b NG525 | ||
| 100 | |a Nguyễn, Hữu Chí | ||
| 245 | 0 | |a Giáo trình hướng dẫn dạy học các khoá trình lịch sử ở trường trung học cơ sở | |
| 245 | 0 | |b Sách dùng cho Cao đẳng sư phạm | |
| 245 | 0 | |c Nguyễn Hữu Chí | |
| 260 | |a H. | ||
| 260 | |b ĐHSP | ||
| 260 | |c 2007 | ||
| 300 | |a 139tr. | ||
| 650 | |a Lịch sử |x Dạy và học |x Phương pháp |v Giáo trình | ||
| 700 | |a Nguyễn, Văn Đăng | ||
| 856 | |u http://lrc.tdmu.edu.vn/opac/search/detail.asp?aID=2&ID=5689 | ||
| 980 | |a Trung tâm Học liệu Trường Đại học Thủ Dầu Một | ||